000 00339nam a22001217a 4500
008 160401b xxu||||| |||| 00| 0 eng d
020 _a9781133190011
050 _aQA76.5.P3182012
100 _aDeborah Morley Charles S. Parker
245 _aUnderstanding Computers Today and Tomorrow Comprehensive
250 _a14TH ED
260 _c2013
999 _c253069
_d253068